[Event "Brasilia IRT U16/18"]
[Site "Brasilia"]
[Date "2018.03.03"]
[Round "3.1"]
[White "Zandonai Ignacio, Antonio Carlos"]
[Black "Nogueira, Claudio dos Santos"]
[Result "1-0"]
[WhiteElo "2019"]
[BlackElo "1814"]
[PlyCount "57"]
[EventDate "2018.03.02"]
[EventType "swiss"]
[EventRounds "6"]
[EventCountry "BRA"]
[SourceTitle "EXT 2022"]
[Source "ChessBase"]
[SourceDate "2021.10.06"]
[SourceVersion "1"]
[SourceVersionDate "2021.10.06"]
[SourceQuality "1"]

1. e4 e5 2. Nf3 Nc6 3. Bb5 f5 4. d3 fxe4 5. dxe4 Nf6 6. 0-0 d6 7. Nc3 Be7 8. Qd3 h6 9. Nh4 Be6 10. Ng6 Rg8 11. Nd5 Kf7 12. Bxc6 Kxg6 13. Bxb7 Rb8 14. Bc6 Kh7 15. f4 Bxd5 16. Bxd5 Rf8 17. Be3 Rxb2 18. Bb3 Ng4 19. Bc1 Rxb3 20. axb3 Kh8 21. h3 Nf6 22. Be3 exf4 23. Bxf4 Nh5 24. Be3 Re8 25. Bd4 Bh4 26. Rf3 Qg5 27. Raf1 Qe7 28. Rf7 Qxe4 29. Rf8+ 1-0

[Event "Brasilia IRT U16/18"]
[Site "Brasilia"]
[Date "2018.03.02"]
[Round "1.4"]
[White "Monteiro, Maria Vitoria Aguia"]
[Black "Nogueira, Claudio dos Santos"]
[Result "0-1"]
[WhiteElo "1388"]
[BlackElo "1814"]
[PlyCount "84"]
[EventDate "2018.03.02"]
[EventType "swiss"]
[EventRounds "6"]
[EventCountry "BRA"]
[SourceTitle "EXT 2022"]
[Source "ChessBase"]
[SourceDate "2021.10.06"]
[SourceVersion "1"]
[SourceVersionDate "2021.10.06"]
[SourceQuality "1"]

1. e4 c5 2. Nf3 d6 3. d4 cxd4 4. Nxd4 Nf6 5. Nd2 g6 6. h3 Bg7 7. Bd3 0-0 8. N2f3 a6 9. Be3 b5 10. Qd2 Bb7 11. e5 dxe5 12. Nxe5 Bxg2 13. Rg1 Be4 14. c3 Qd5 15. f4 Nbd7 16. Nec6 Rfe8 17. Rg5 Qd6 18. f5 Bxc6 19. fxg6 fxg6 20. Bxg6 hxg6 21. Rxg6 Ne5 22. Rxg7+ Kxg7 23. Nf5+ Kh8 24. Nxd6 Nf3+ 25. Ke2 Nxd2 26. Nxe8 Rxe8 27. Kxd2 Rg8 28. Re1 Rg2+ 29. Kc1 Ne4 30. a3 Kg8 31. Kb1 Kf7 32. Rc1 Nd2+ 33. Bxd2 Be4+ 34. Ka1 Rxd2 35. c4 bxc4 36. Rxc4 Rd1+ 37. Ka2 Bd5 38. Kb3 Rd3+ 39. Kb4 Bxc4 40. Kxc4 Rxh3 41. a4 Rh4+ 42. Kb3 a5 0-1

[Event "Brasilia Terraviva op"]
[Site "Brasilia"]
[Date "2018.01.12"]
[Round "3"]
[White "Garcia, Eugenio Vargas"]
[Black "Nogueira, Claudio dos Santos"]
[Result "1/2-1/2"]
[WhiteElo "1986"]
[BlackElo "1801"]
[PlyCount "74"]
[EventDate "2018.01.11"]
[EventType "swiss"]
[EventRounds "7"]
[EventCountry "BRA"]
[SourceTitle "CBM 182 Extra"]
[Source "ChessBase"]
[SourceDate "2018.02.23"]
[SourceVersion "1"]
[SourceVersionDate "2018.02.23"]
[SourceQuality "1"]

1. d4 d5 2. Nf3 c6 3. g3 Nf6 4. Bg2 e6 5. 0-0 Be7 6. Nbd2 0-0 7. c4 Nbd7 8. Qc2 b6 9. e4 dxe4 10. Nxe4 Nxe4 11. Qxe4 Bb7 12. Rd1 Nf6 13. Qe2 Bd6 14. Ne5 Rc8 15. Bg5 h6 16. Bxf6 gxf6 17. Ng4 f5 18. Ne5 Qc7 19. Rac1 Bxe5 20. dxe5 c5 21. Rd6 Bxg2 22. Kxg2 Rcd8 23. Rcd1 Rxd6 24. exd6 Qd7 25. a3 f6 26. b4 Rd8 27. b5 Qb7+ 28. f3 e5 29. Rd5 Kf7 30. f4 Rxd6 31. Qh5+ Kg7 32. fxe5 fxe5 33. Qxf5 Rxd5 34. Qg4+ Kh8 35. cxd5 Qxd5+ 36. Kh3 Qf7 37. Qe4 Qd7+ 1/2-1/2

[Event "Brasilia Viva op"]
[Site "Brasilia"]
[Date "2017.05.01"]
[Round "7"]
[White "Nogueira, Claudio dos Santos"]
[Black "Perdomo, Leandro Daniel"]
[Result "0-1"]
[WhiteElo "1647"]
[BlackElo "2462"]
[PlyCount "44"]
[EventDate "2017.04.28"]
[EventType "swiss"]
[EventRounds "7"]
[EventCountry "BRA"]
[SourceTitle "CBM 178 Extra"]
[Source "ChessBase"]
[SourceDate "2017.06.22"]
[SourceVersion "1"]
[SourceVersionDate "2017.06.22"]
[SourceQuality "1"]

1. Nf3 Nf6 2. g3 g6 3. Bg2 Bg7 4. 0-0 0-0 5. d3 d5 6. Nbd2 Nc6 7. c3 e5 8. e4 dxe4 9. dxe4 a5 10. a4 b6 11. Re1 Ba6 12. Nh4 Nd7 13. Nf1 Nc5 14. Qxd8 Rfxd8 15. Ne3 Nb3 16. Ra3 Nxc1 17. Rxc1 Bh6 18. c4 Rd2 19. Ng4 Bf8 20. Ra2 Rad8 21. Nf6+ Kg7 22. Nd5 Bc5 0-1

[Event "Brasilia IRT de Ferias"]
[Site "Brasilia"]
[Date "2016.07.16"]
[Round "2.2"]
[White "Nascimento, Pedro Henrique Alve"]
[Black "Nogueira, Claudio dos Santos"]
[Result "1/2-1/2"]
[WhiteElo "1917"]
[BlackElo "1619"]
[PlyCount "128"]
[EventDate "2016.07.15"]
[EventType "swiss"]
[EventRounds "6"]
[EventCountry "BRA"]
[SourceTitle "EXT 2022"]
[Source "ChessBase"]
[SourceDate "2021.10.06"]
[SourceVersion "1"]
[SourceVersionDate "2021.10.06"]
[SourceQuality "1"]

1. d4 Nf6 2. c4 d5 3. cxd5 Nxd5 4. e4 Nb6 5. Nf3 e6 6. Be2 Be7 7. 0-0 0-0 8. Be3 N8d7 9. Nc3 c6 10. Qb3 Bd6 11. Rfd1 Qe7 12. Bg5 f6 13. Bh4 Kh8 14. e5 Bc7 15. exf6 gxf6 16. Re1 Qf7 17. Bc4 Nxc4 18. Qxc4 Nb6 19. Qe2 Nd5 20. Nxd5 cxd5 21. Rac1 Bd6 22. Bg3 Bxg3 23. hxg3 Qe8 24. Rc7 Rb8 25. Qc2 Bd7 26. Kh2 Rf7 27. Rc3 Re7 28. Rh1 Rc8 29. Kg1 Rxc3 30. bxc3 Kg8 31. g4 Qg6 32. Qb2 Bc6 33. Rh3 h6 34. Qd2 Rh7 35. Qe2 Kf7 36. Ne1 Rg7 37. Rf3 Qe4 38. Qxe4 dxe4 39. Rh3 Rxg4 40. Rxh6 Kg7 41. Rh3 Rg5 42. c4 Ra5 43. a3 Ra4 44. Rc3 b5 45. cxb5 Bxb5 46. Nc2 Rc4 47. Rxc4 Bxc4 48. Ne3 Bd5 49. Kf1 Kf7 50. Ke2 Ke7 51. Nxd5+ exd5 52. Kd2 Kd6 53. Kc3 Kc6 54. Kb4 Kb6 55. a4 a5+ 56. Kc3 Kc6 57. Kd2 Kd6 58. Ke3 Ke6 59. g4 Kf7 60. f3 exf3 61. Kxf3 Kg7 62. Kg3 Kh6 63. Kh2 Kg6 64. Kg2 Kg7 1/2-1/2

[Event "BRA-ch Amateur"]
[Site "Brasilia"]
[Date "2016.06.18"]
[Round "3"]
[White "Dos Santos, Leandro Ferreira"]
[Black "Nogueira, Claudio dos Santos"]
[Result "0-1"]
[WhiteElo "1800"]
[BlackElo "1565"]
[PlyCount "104"]
[EventDate "2016.06.17"]
[EventType "swiss"]
[EventRounds "6"]
[EventCountry "BRA"]
[SourceTitle "CBM 173 Extra"]
[Source "ChessBase"]
[SourceDate "2016.08.29"]
[SourceVersion "1"]
[SourceVersionDate "2016.08.29"]
[SourceQuality "1"]

1. e4 c5 2. Nf3 d6 3. d3 Nf6 4. Be3 Ng4 5. Qd2 Nxe3 6. Qxe3 Qb6 7. b3 g6 8. Be2 Bg7 9. c3 Nc6 10. 0-0 0-0 11. Rd1 Nb4 12. Qd2 Nc6 13. Na3 Qa5 14. Nb1 Ne5 15. d4 Nxf3+ 16. Bxf3 cxd4 17. cxd4 Qb6 18. Nc3 Bd7 19. Nd5 Qd8 20. Rac1 e6 21. Ne3 Bh6 22. Qb4 Bc8 23. e5 d5 24. Rc2 Rb8 25. Ng4 Bg7 26. Rdc1 Bd7 27. Rc7 a5 28. Qxa5 Bc6 29. Qb6 Ra8 30. R7xc6 bxc6 31. Qxd8 Rfxd8 32. a4 Rdc8 33. Be2 Rab8 34. Ba6 Rc7 35. Rc3 h5 36. Nf6+ Bxf6 37. exf6 Rb4 38. Rd3 Ra7 39. Bc8 Rb8 40. Bxe6 fxe6 41. h3 Kf7 42. g4 Kxf6 43. f4 hxg4 44. hxg4 Rab7 45. Rc3 Rxb3 46. Rxc6 Rg3+ 47. Kf2 Ra3 48. Rc2 Rxa4 49. Kg3 Rxd4 50. Rc7 Rb3+ 51. Kh4 Rxf4 52. Rc3 Rxg4+ 0-1

[Event "BRA-ch Amateur"]
[Site "Brasilia"]
[Date "2016.06.18"]
[Round "2"]
[White "Nogueira, Claudio dos Santos"]
[Black "Felix, Raimundo Nascimento"]
[Result "0-1"]
[WhiteElo "1565"]
[BlackElo "1901"]
[PlyCount "147"]
[EventDate "2016.06.17"]
[EventType "swiss"]
[EventRounds "6"]
[EventCountry "BRA"]
[SourceTitle "CBM 173 Extra"]
[Source "ChessBase"]
[SourceDate "2016.08.29"]
[SourceVersion "1"]
[SourceVersionDate "2016.08.29"]
[SourceQuality "1"]

1. c4 Nf6 2. Nc3 b6 3. Nf3 Bb7 4. g3 d6 5. Bg2 e5 6. 0-0 Be7 7. d3 Nbd7 8. b4 0-0 9. Bb2 Re8 10. Qb3 Qc8 11. Bh3 Qb8 12. Ng5 h6 13. Nge4 Bc8 14. Bg2 Bb7 15. Bh3 Qd8 16. Bg2 Qb8 17. Bh3 Nxe4 18. dxe4 Nf6 19. f3 Bc8 20. Bg2 Bd7 21. Nd5 Bd8 22. f4 Qc8 23. f5 Rf8 24. Nxf6+ Bxf6 25. Bc1 Bc6 26. Qf3 Qd8 27. h4 Qe7 28. c5 dxc5 29. bxc5 Rfd8 30. cxb6 axb6 31. Be3 Ra3 32. Qf2 Rda8 33. Rfc1 Bb7 34. Rc2 R8a4 35. Bc1 Qd8 36. Bxa3 Rxa3 37. Kh2 Be7 38. Rb1 Ba6 39. Rb3 Ra4 40. Qe3 Bc5 41. Rxc5 bxc5 42. Qxc5 Rxa2 43. Qa7 Rxe2 44. Qxa6 Qd2 45. Qxe2 Qxe2 46. Rc3 Kf8 47. Rxc7 Ke8 48. Rc8+ Kd7 49. Rg8 Ke7 50. Rxg7 Kf8 51. Rh7 Qa6 52. Rh8+ Ke7 53. Rb8 Qa7 54. Rb5 Qc7 55. Rd5 Kf6 56. Kh3 Qc4 57. Rd6+ Kg7 58. Rd5 Qc7 59. Rb5 h5 60. Rd5 Qc3 61. Rb5 Qa1 62. Kh2 Kf8 63. Rb8+ Ke7 64. Rb7+ Kd8 65. Rxf7 Qd1 66. Rb7 Qd3 67. f6 Ke8 68. Re7+ Kf8 69. Rxe5 Qe2 70. Re7 Qf2 71. e5 Qf5 72. e6 Qe5 73. f7 Kxe7 74. Bh3 0-1

[Event "BRA-ch Amateur"]
[Site "Brasilia"]
[Date "2016.06.18"]
[Round "4"]
[White "Nogueira, Claudio dos Santos"]
[Black "Freire, Andrey Carvalho"]
[Result "1/2-1/2"]
[WhiteElo "1565"]
[BlackElo "2025"]
[PlyCount "102"]
[EventDate "2016.06.17"]
[EventType "swiss"]
[EventRounds "6"]
[EventCountry "BRA"]
[SourceTitle "CBM 173 Extra"]
[Source "ChessBase"]
[SourceDate "2016.08.29"]
[SourceVersion "1"]
[SourceVersionDate "2016.08.29"]
[SourceQuality "1"]

1. c4 Nf6 2. Nc3 e5 3. g3 c6 4. Bg2 Bb4 5. a3 Ba5 6. Nf3 d6 7. 0-0 0-0 8. b4 Bc7 9. d3 h6 10. Bb2 Be6 11. Qc2 Nbd7 12. Nd2 Rc8 13. Rac1 Bb6 14. Qb1 d5 15. Na4 Bc7 16. cxd5 cxd5 17. Nc5 Nxc5 18. Rxc5 Bd6 19. Rxc8 Qxc8 20. Rc1 Qd7 21. Nf3 d4 22. Nd2 Rc8 23. Rxc8+ Qxc8 24. Qc1 Qxc1+ 25. Bxc1 Bd5 26. Nc4 Bc7 27. e4 Bxc4 28. dxc4 Nd7 29. Bf1 b6 30. f3 Kf8 31. Kf2 Ke7 32. f4 f6 33. f5 Kd6 34. Ke2 a5 35. Kd1 axb4 36. axb4 Kc6 37. Kc2 Bd6 38. Kb3 Nf8 39. g4 Be7 40. h3 Kc7 41. Ka4 Kc6 42. Kb3 Nd7 43. Be2 Bf8 44. Bd2 Kb7 45. Ka4 Nb8 46. Kb5 Na6 47. Bf1 Nc7+ 48. Ka4 Kc6 49. Bd3 Kd7 50. h4 Kc6 51. Kb3 Be7 1/2-1/2

[Event "Brasilia Terraviva op"]
[Site "Brasilia"]
[Date "2016.04.21"]
[Round "1"]
[White "Nogueira, Claudio dos Santos"]
[Black "Lukachewski Junior, Wanderlei"]
[Result "0-1"]
[WhiteElo "1559"]
[BlackElo "2042"]
[PlyCount "72"]
[EventDate "2016.04.21"]
[EventType "swiss"]
[EventRounds "7"]
[EventCountry "BRA"]
[SourceTitle "CBM 172 Extra"]
[Source "ChessBase"]
[SourceDate "2016.06.21"]
[SourceVersion "1"]
[SourceVersionDate "2016.06.21"]
[SourceQuality "1"]

1. d4 Nf6 2. c4 g6 3. Nc3 d5 4. cxd5 Nxd5 5. e4 Nxc3 6. bxc3 Bg7 7. Bc4 0-0 8. Nf3 c5 9. Bb2 cxd4 10. cxd4 Qa5+ 11. Qd2 Qxd2+ 12. Nxd2 Nc6 13. Nb3 Rd8 14. 0-0-0 Bg4 15. f3 Rac8 16. Kb1 Nxd4 17. Bxf7+ Kxf7 18. Nxd4 Bd7 19. Rhe1 Ba4 20. Nb3 b6 21. Bxg7 Kxg7 22. Kb2 Kf6 23. Rxd8 Rxd8 24. Rc1 Bxb3 25. axb3 Rd2+ 26. Rc2 Rxc2+ 27. Kxc2 g5 28. Kd3 Ke5 29. g3 e6 30. h3 a5 31. f4+ gxf4 32. gxf4+ Kd6 33. Kd4 b5 34. h4 e5+ 35. Ke3 exf4+ 36. Kxf4 a4 0-1

[Event "Brasilia Ascade op"]
[Site "Brasilia"]
[Date "2016.01.31"]
[Round "5"]
[White "Santos, Leonardo Pereira De"]
[Black "Nogueira, Claudio dos Santos"]
[Result "1-0"]
[WhiteElo "1577"]
[BlackElo "1798"]
[PlyCount "67"]
[EventDate "2016.01.29"]
[EventType "swiss"]
[EventRounds "5"]
[EventCountry "BRA"]
[SourceTitle "CBM 170 Extra"]
[Source "ChessBase"]
[SourceDate "2016.02.25"]
[SourceVersion "1"]
[SourceVersionDate "2016.02.25"]
[SourceQuality "1"]

1. d4 Nf6 2. Nf3 e6 3. Bg5 Be7 4. Nbd2 c5 5. e3 d5 6. Bb5+ Bd7 7. c4 Bxb5 8. cxb5 Nbd7 9. 0-0 0-0 10. Rc1 Qa5 11. a4 Rac8 12. Ne5 Qc7 13. Ndf3 h6 14. Nxd7 Qxd7 15. Ne5 Qc7 16. Bxf6 Bxf6 17. Rxc5 Qd6 18. Nd3 b6 19. Rc3 Rc7 20. Qb3 Rfc8 21. Rfc1 Be7 22. Nb4 Rxc3 23. Rxc3 Qd7 24. Nc6 Bd6 25. Qc2 Kh8 26. e4 dxe4 27. Qxe4 f6 28. Qg4 Rc7 29. h4 a6 30. Re3 Rxc6 31. bxc6 Qxc6 32. Qxe6 Kh7 33. Qf5+ Kh8 34. Rc3 1-0